| 000 | 00493nam a2200205Ia 4500 | ||
|---|---|---|---|
| 008 | 170918s9999 xx 000 0 und d | ||
| 020 | _a9780545474702 | ||
| 050 | _bL987 2008 | ||
| 100 | _aLynch, Jay | ||
| 245 | _aMo and Jo : | ||
| 245 | _bfighting together forever / | ||
| 245 | _cJay Lynch and Dean Haspiel. | ||
| 260 | _aNew York : | ||
| 260 | _bScholastic, | ||
| 260 | _c2008 | ||
| 300 | _a39 pages : | ||
| 300 | _bcolored illustration ; | ||
| 300 | _c23cm. | ||
| 500 | _a240 | ||
| 999 |
_c341060 _d341060 |
||